000 00657nam a2200241Ia 4500
003 OSt
005 20221007101435.0
006 a|||||r|||| 00| 0
007 ta
008 221006b |||||||| |||| 00| 0 eng d
024 _a6,461
037 _cTextual
040 _aLCO
_cLCO
_beng
041 _2eng
_aeng
082 _aX5:55, L4
100 _aAnsari M.S.
_9701892
245 0 _aLaw Relating to Essential Commodities and Central Control Orders
260 _aAllahabad
_bAshoka Law House India
_c1974
300 _a293
650 _aESSENTIAL COMMODITIES
942 _hX5:55, L4
_cTEXL
999 _c1176024
_d1176024